LIBRARY & INFORMATION CENTRE, KCAET, TAVANUR

ONLINE PUBLIC ACCESS CATALOGUE (OPAC)

Mechanical measurements / (Record no. 8925)

MARC details
000 -LEADER
fixed length control field 00522cam a2200205ua 4500
003 - CONTROL NUMBER IDENTIFIER
control field OSt
008 - FIXED-LENGTH DATA ELEMENTS--GENERAL INFORMATION
fixed length control field 250130b |||||||| |||| 00| 0 eng d
020 ## - INTERNATIONAL STANDARD BOOK NUMBER
ISBN 81 85015 90 2
041 ## - LANGUAGE CODE
Language code of text/sound track or separate title eng
082 ## - DEWEY DECIMAL CLASSIFICATION NUMBER
Classification number 621.30287
Item number BEC/ME
100 ## - MAIN ENTRY--AUTHOR NAME
Personal name Beckwith, Thomas G .
245 ## - TITLE STATEMENT
Title Mechanical measurements /
250 ## - EDITION STATEMENT
Edition statement 1 /
260 ## - PUBLICATION, DISTRIBUTION, ETC. (IMPRINT)
Place of publication Chennai :
Name of publisher Narosa Publishing House ,
Year of publication 1982.
300 ## - PHYSICAL DESCRIPTION
Number of Pages 730 ; .
500 ## - GENERAL NOTE
General note *CSS
700 1# - ADDED ENTRY--PERSONAL NAME
Personal name Lewis Back, N .
700 1# - ADDED ENTRY--PERSONAL NAME
Personal name Marangoni, D .
942 ## - ADDED ENTRY ELEMENTS (KOHA)
Koha item type Books
Holdings
Withdrawn status Lost status Damaged status Home library Current library Date acquired Full call number Accession Number Koha item type Shelving location
      KAUAET KAUAET 07/04/2012 621.30287 BEC/ME 18568 Books  
      KAUAET KAUAET 31/08/2018 621.30287 BEC/ME 18209 Books Scheme
      KAUAET KAUAET 31/08/2018 621.30287 BEC/ME 18207 Books Scheme
      KAUAET KAUAET 31/08/2018 621.30287 BEC/ME 18208 Books Scheme
free website counter